000 00731nam a2200229 a 4500
001 BRCA_2295
005 20190320203740.0
008 010320s1999----mx-a---###---l000-0#spa-d
020 _a9706630805
040 _aTxU
_cTxU
_dDLC
050 4 _aF1386
_b.B37 1999
100 1 _aBarranco Chavarría, Alberto
_96874
245 1 0 _aCrónicas de la Ciudad de México
_cAlberto Barranco Chavarría.
260 _aMéxico
_bClío
_c1999
300 _a88 p.
_bil. (algunas a color)
_c31 cm.
651 4 _aMéxico
_xHistoria
_9614
651 4 _aCiudad de México
_xHistoria
_9691
651 4 _aMéxico
_xVida social y costumbres
_9769
651 4 _aCiudad de México
_xVida social y costumbres
_96875
653 0 _aVida cotidiana
942 _2lcc
_cB
999 _c2040
_d2040